Normal view MARC view

Entry Topical Term

Number of records used in: 4

001 - CONTROL NUMBER

  • control field: 8509

003 - CONTROL NUMBER IDENTIFIER

  • control field: dpl

005 - DATE AND TIME OF LATEST TRANSACTION

  • control field: 20100807135257.0

008 - FIXED-LENGTH DATA ELEMENTS

  • fixed length control field: 100807|||a|||||| | ||| d

040 ## - CATALOGING SOURCE

  • Original cataloging agency: dpl
  • Transcribing agency: dpl

150 ## - HEADING--TOPICAL TERM

  • Topical term or geographic name as entry element: Personal managment

670 ## - SOURCE DATA FOUND

  • Source citation: Work cat.: (dpl)39480: Muralidharan, D. 8506, Human resource development /, 2009

670 ## - SOURCE DATA FOUND

  • Source citation: Work cat.: (dpl)39480: Muralidharan, D. 8506, Human resource development /, 2009

© Delhi Public Library
Hit Counter
free hit counter